|
|
|
|
| LEADER |
00996cam a2200229 7i4500 |
| 001 |
0000024853 |
| 005 |
20100723090000.0 |
| 022 |
0 |
0 |
|a 1823-8386
|
| 090 |
0 |
0 |
|a M 297.14025
|b MAL
|
| 110 |
2 |
0 |
|a Malaysia External Trade Development Corporation (MATRADE)
|
| 245 |
2 |
0 |
|a Malaysia exporters of halal products & services directory 2010-2011.
|
| 260 |
0 |
0 |
|a Kuala Lumpur:
|b MATRADE,
|c 2010.
|
| 300 |
# |
# |
|a 271 p.
|
| 650 |
0 |
0 |
|a Halal product --
|x Directories --
|z Malaysia
|
| 650 |
0 |
0 |
|a Product safety (Islamic law) --
|x Directories --
|z Malaysia
|
| 651 |
0 |
0 |
|a Malaysia
|
| 999 |
|
|
|a JHR000226H
|b Directories
|c Malaysia
|e MATRADE Southern Regional Office
|
| 999 |
|
|
|a 0000027463
|b Directories
|c Malaysia
|e Business Information Centre
|
| 999 |
|
|
|a PNG000933H
|b Directories
|c Malaysia
|e MATRADE Northern Regional Office
|
| 999 |
|
|
|a SBH000903H
|b Directories
|c Malaysia
|e MATRADE Sabah
|
| 999 |
|
|
|a SRW000330H
|b Directories
|c Malaysia
|e MATRADE Sarawak
|
| 999 |
|
|
|a TRG000215H
|b Directories
|c Malaysia
|e MATRADE Eastern Regional Office
|